Normal view
MARC view
Entry Corporate Name
001 - CONTROL NUMBER
- control field: 5123
003 - CONTROL NUMBER IDENTIFIER
- control field: ARRUPE
005 - DATE AND TIME OF LATEST TRANSACTION
- control field: 20131204135512.0
008 - FIXED-LENGTH DATA ELEMENTS
- fixed length control field: 131204|| aca||aabn | a|a d
040 ## - CATALOGING SOURCE
- Original cataloging agency: ARRUPE
- Transcribing agency: ARRUPE
110 ## - HEADING--CORPORATE NAME
- Corporate name or jurisdiction name as entry element: Folio Society (London, England)
670 ## - SOURCE DATA FOUND
- Source citation: Work cat.: (ARRUPE)0: Walpole, Horace, 1717-1797. 5121, Letters of Horace Walpole,, 1951.